Charles S. Peirce's method of methods

Αποθηκεύτηκε σε:
Λεπτομέρειες βιβλιογραφικής εγγραφής
Κύριος συγγραφέας: Kevelson, Roberta
Μορφή: Βιβλίο
Γλώσσα:English
Δημοσίευση: Amsterdam : John Benjamins, 1987
Σειρά:Foundations of semiotics ; ; 17
Θέματα:
Ετικέτες: Προσθήκη ετικέτας
Δεν υπάρχουν, Καταχωρήστε ετικέτα πρώτοι!

MARC

LEADER 00000cam a2200000 i 4500
001 1/23737
008 981126s1987 eng d
020 |a 90-272-3289-X 
035 |l 10036928 
040 |a GR-MY-UA  |b gre  |e aacr 
041 0 |a eng 
082 0 |a 160.924 
100 1 |a Kevelson, Roberta. 
245 1 0 |a Charles S. Peirce's method of methods /  |c Roberta Kevelson 
260 |a Amsterdam :   |b John Benjamins,   |c 1987 
300 |a 180 p. 
490 1 |a Foundations of semiotics  |v ; 17 
504 |a Includes bibliographical references 
600 1 0 |a Peirce, Charles S.   |q (Charles Sanders),   |d 1839-1914. 
650 0 0 |a Semiotics. 
650 0 0 |a Methodology. 
830 0 |a Foundations of semiotics ;  |v ; 17 
852 |a INST  |b LESVOS  |e 19981126  |h 160.924 KEV  |p 005100018230  |q 005100018230  |t BK  |y 0 
901 |a BIBL-1999-1 
909 |a Λ  |b 059854 
922 |a 1ΕΛΗ  |b 199810  |c ΚΠΣ/ΤΚΑ  |d ΠΑΠΑΣΩΤΗΡΙΟΥ 
950 |a 117-1998-07-08